Liberation Management Necessary Disorganization for the Nanosecond Nineties
Na minha lista:
| Autor principal: | |
|---|---|
| Formato: | Livro |
| Idioma: | inglês |
| Publicado em: |
New York
Knopf
1992
|
| Edição: | 1. ed. |
| Assuntos: | |
| Tags: |
Sem tags, seja o primeiro a adicionar uma tag!
|
MARC
| LEADER | 00000nam a2200000 4500 | ||
|---|---|---|---|
| 001 | c014276 | ||
| 005 | 20221206083315.6 | ||
| 020 | |a 0-394-55999-1 | ||
| 041 | 0 | |a eng | |
| 044 | |a US | ||
| 245 | 1 | 0 | |a Liberation Management |b Necessary Disorganization for the Nanosecond Nineties |c Tom Peters |
| 250 | |a 1. ed. | ||
| 264 | 1 | |a New York |b Knopf |c 1992 | |
| 300 | |a 834 s. | ||
| 610 | 2 | 0 | |a riadenie |
| 610 | 2 | 0 | |a manažment |
| 610 | 2 | 0 | |a zmeny organizačné |
| 610 | 2 | 0 | |a efektívnosť |
| 610 | 2 | 0 | |a efektívnosť inovácií |
| 610 | 2 | 0 | |a efektívnosť práce |
| 610 | 2 | 0 | |a skupiny pracovné |
| 610 | 2 | 0 | |a technológie informačné |
| 100 | 1 | |a Peters, Thomas J. | |